000 00445nam a22001817a 4500
003 MPLRDC
005 20220104114159.0
008 210129b ||||| |||| 00| 0 eng d
082 _a592.092 SB
100 _a辛锦俊译述
245 _a孙膑兵法
_c
250 _a再版
260 _a
_b星光出版社
_c1981
300 _b
490 _a双子星丛书. 115
650 _a兵法; 作战法--孙子兵法
942 _cBK
_o592.092 SB
999 _c5460
_d5450